000 00875nam a2200253 i 4500
001 92584
003 ES-MaACL
005 20250831063035.0
007 t|
008 050405s1986 sp ||||1| spa d
020 _a84-7658-017-7
080 _a167/168"19"
100 1 _aOrtiz-Osés, Andrés,
_d1943-2021
_987635
245 1 3 _aLa nueva filosofía hermenéutica
_b: hacia una razón axiológica posmoderna /
_cAndrés Ortíz-Osés.
250 _a1ª ed.
260 _aBarcelona :
_bAnthropos,
_c1986.
300 _a322 p. ;
_c20 cm.
490 1 _aAutores, textos y temas. Hermeneusis ;
_v1
600 1 4 _aAmor Ruibal, Ángel,
_d1869-1930-
_xCrítica e interpretación
_921297
650 1 4 _aHermeneútica-
_yS.XX.
_913331
830 0 _aAutores, textos y temas. Hermeneusis ;
_v1
_9177421
852 _aES-MaACL
_jE-10916
_bR.135749
999 _c92584
_d92584